Jack Nicholson Movies - Sudden Death - Statistics

General Stats
  • This quiz has been taken 3,854 times
  • The average score is 10 of 22
Answers on the Grid
Answers color-coded by a green-red scale on the quiz's grid according to % correct below.
A Few Good Men
A Serious Man
About Schmidt
Affliction
Anger Management
As Good As It Gets
Batman
Broadcast News
Chinatown
Dogtown
Easy Rider
Finding Forrester
Five Easy Pieces
Flags of Our Fathers
Grumpy Old Men
Heaven Can Wait
Hoffa
Little Shop of Horrors
Mars Attacks!
Miller’s Crossing
Network
One Flew Over the Cuckoo’s Nest
Prizzi’s Honor
Something’s Gotta Give
Tears of the Sun
Terms of Endearment
The Bucket List
The Crossing Guard
The Departed
The Good Shepherd
The Shining
The Witches of Eastwick
There Will Be Blood
Traffic
Wagons East!
Wolf
 
Answer Stats
Answer % Correct
A Few Good Men
84%
Batman
78%
The Shining
78%
One Flew Over the Cuckoo’s Nest
77%
As Good As It Gets
71%
Chinatown
66%
The Departed
66%
Anger Management
65%
About Schmidt
52%
The Bucket List
44%
Easy Rider
43%
Something’s Gotta Give
43%
The Witches of Eastwick
43%
Mars Attacks!
40%
Terms of Endearment
39%
Hoffa
38%
Wolf
29%
Prizzi’s Honor
28%
Five Easy Pieces
25%
Little Shop of Horrors
15%
The Crossing Guard
10%
Broadcast News
9%
No matching quizzes found
Score Distribution
Percent of People with Each Score
Percentile by Number Answered
Your Score History
You have not taken this quiz